000 00442nam a2200181 a 4500
001 4811
003 CO-ViMGA
008 141112s2004 ck r 000 u spa d
040 _aCO-ViMGA
_bspa
_cCO-ViMGA
082 0 4 _a155.916 B187
100 1 _aBaur, Susan
_92976
245 1 0 _aHipocondria
260 _aMexico :
_bGedisa,
_c1989
300 _a283 p
490 _aExtensión psicológica, 3
650 1 4 _aHIPOCONDRIA
_92977
942 _2ddc
_cBK
999 _c16818
_d16818